000 00453nam a22001697a 4500
008 170323b xxu||||| |||| 00| p tur d
020 _a9759169320
041 _atur
050 _aPL248.T35
100 _aTamer, Ülkü
_9357
245 _aYanardağın Üstündeki Kuş Toplu Şiirler
250 _a4. Baskı
260 _aİstanbul
_bKırmızı Yayınları
_cAralık 2006
300 _a285 sayfa
650 0 _9145
_aTürk Edebiyatı
942 _2lcc
_cBK
999 _c1062
_d1040